000 00801nam a2200253 a 4500
001 26481
003 CO-ViMGA
008 141112s2004 ck r 000 u spa d
020 _a9789586441421
040 _aCO-ViMGA
_bspa
_cCO-ViMGA
041 _aSPA
082 0 4 _a346.0432 F82m
100 1 _aFuentes López, Adriana Patricia
_941336
245 1 0 _aMarcos legales de acceso a la tierra :
_bcaso Colombia /
_cAdriana Patricia Fuentes López
250 _a1a ed.
260 _aBogotá :
_bCINEP,
_c2014
300 _a90 p.
500 _aIncluye bibliografía al final
650 1 4 _aDERECHO DE PROPIEDAD - COLOMBIA
_941337
650 1 4 _aDISTRIBUCIÓN DE TIERRAS
_941338
650 1 4 _aPolítica AGRICOLA - COLOMBIA
_941339
650 1 4 _aTENENCIA DE LA TIERRA - COLOMBIA
_941340
942 _2ddc
_cBK
999 _c2445
_d2445